Engeneereing Physics (Record no. 141565)

MARC details
000 -LEADER
fixed length control field 00345nam a2200145Ia 4500
008 - FIXED-LENGTH DATA ELEMENTS--GENERAL INFORMATION
fixed length control field 230917s9999||||xx |||||||||||||| ||und||
040 ## - CATALOGING SOURCE
-- 114948
Original cataloging agency VIVEKANANDA LIBRARY
041 ## - Language
-- English
082 ## - DDC NUMBER
Classification number 621 S64T
100 ## - MAIN ENTRY--PERSONAL NAME
Personal name Singnal, Anil, Parkash Jai
245 #0 - TITLE STATEMENT
Title Engeneereing Physics
260 ## - PUBLICATION, DISTRIBUTION, ETC. (IMPRINT)
Place of publication, distribution, etc Rihtak
Name of publisher, distributor, etc Icon
Date of publication, distribution, etc 2006
300 ## - PHYSICAL DESCRIPTION
Pages 43p p.
942 ## - ADDED ENTRY ELEMENTS (KOHA)
Koha item type Books
Holdings
Withdrawn status Lost status Damaged status Not for loan Location (home branch) Sublocation or collection (holding branch) Shelving location Date acquired Koha issues (times borrowed) Koha full call number Accession No. Koha date last seen Koha item type
        VIVEKANANDA LIBRARY VIVEKANANDA LIBRARY UIET Library 24/04/2008   621 S64T 248301 17/09/2023 Books
        VIVEKANANDA LIBRARY VIVEKANANDA LIBRARY UIET Library 24/04/2008 1 621 S64T 248302 11/10/2024 Books
        VIVEKANANDA LIBRARY VIVEKANANDA LIBRARY UIET Library 24/04/2008   621 S64T 248303 17/09/2023 Books
        VIVEKANANDA LIBRARY VIVEKANANDA LIBRARY UIET Library 24/04/2008   621 S64T 248304 17/09/2023 Books
        VIVEKANANDA LIBRARY VIVEKANANDA LIBRARY UIET Library 24/04/2008   621 S64T 248305 17/09/2023 Books
        VIVEKANANDA LIBRARY VIVEKANANDA LIBRARY UIET Library 24/04/2008   621 S64T 248306 17/09/2023 Books
        VIVEKANANDA LIBRARY VIVEKANANDA LIBRARY UIET Library 24/04/2008   621 S64T 248307 17/09/2023 Books
        VIVEKANANDA LIBRARY VIVEKANANDA LIBRARY UIET Library 24/04/2008 1 621 S64T 248308 23/10/2025 Books
        VIVEKANANDA LIBRARY VIVEKANANDA LIBRARY UIET Library 24/04/2008 1 621 S64T 248309 13/11/2025 Books
        VIVEKANANDA LIBRARY VIVEKANANDA LIBRARY UIET Library 24/04/2008 3 621 S64T 248310 13/11/2025 Books
        VIVEKANANDA LIBRARY VIVEKANANDA LIBRARY UIET Library 24/04/2008 1 621 S64T 248311 09/11/2023 Books
        VIVEKANANDA LIBRARY VIVEKANANDA LIBRARY UIET Library 24/04/2008   621 S64T 248312 17/09/2023 Books
        VIVEKANANDA LIBRARY VIVEKANANDA LIBRARY UIET Library 24/04/2008   621 S64T 248313 17/09/2023 Books
        VIVEKANANDA LIBRARY VIVEKANANDA LIBRARY UIET Library 24/04/2008   621 S64T 248314 17/09/2023 Books
        VIVEKANANDA LIBRARY VIVEKANANDA LIBRARY UIET Library 24/04/2008   621 S64T 248315 17/09/2023 Books
© Designed and Maintained by Vivekananda Library, MDU Rohtak